[Event "University of Twente YM"]
[Site "Enschede NED"]
[Date "2009.08.01"]
[Round "2"]
[White "Giri,A"]
[Black "Zhigalko,S"]
[Result "1/2-1/2"]
[WhiteElo "2518"]
[BlackElo "2621"]

1.Nf3 Nf6 2.c4 e6 3.Nc3 c5 4.g3 b6 5.Bg2 Bb7 6.O-O Be7 7.d4 cxd4 8.Qxd4 d6
9.Rd1 a6 10.b3 Nbd7 11.e4 Qc8 12.Bb2 O-O 13.h3 Rd8 14.Rac1 Qc7 15.Nh2 Rac8
16.Ng4 Bf8 17.Nxf6+ Nxf6 18.Ba3 Ba8 19.Rc2 b5 20.cxb5 axb5 21.Rcc1 e5 22.Qd2 Qa5
23.Nb1 Qxd2 24.Nxd2 Rxc1 25.Rxc1 d5 26.Bxf8 Kxf8 27.exd5 Bxd5 28.Nf1 Bxg2
29.Kxg2 Ra8 30.Rc2 Ke7 31.Ne3 Ke6 32.Rc6+ Kd7 33.Rc2 Ke6 34.Rc6+ Kd7 35.Rb6 Rxa2
36.Kf3 Ne8 37.Rxb5 Nd6 38.Rxe5 Rb2 39.Rh5 h6 40.Kg2 Rxb3 41.Ra5 g6 42.g4 Rb5
43.Ra8 h5 44.Ra7+ Ke6 45.Ra6 Kd7 46.Ra7+ Ke6 47.Ra6  1/2-1/2

[Event "FSGM August"]
[Site "Budapest HUN"]
[Date "2009.08.04"]
[Round "4"]
[White "Payen,Ar"]
[Black "Oleksienko,M"]
[Result "1/2-1/2"]
[WhiteElo "2368"]
[BlackElo "2543"]

1.Nf3 Nf6 2.c4 e6 3.Nc3 c5 4.g3 b6 5.Bg2 Bb7 6.O-O Be7 7.d4 cxd4 8.Qxd4 d6
9.Bg5 a6 10.Bxf6 Bxf6 11.Qd3 Ra7 12.Rad1 Be7 13.Nd4 Bxg2 14.Kxg2 O-O 15.f4 g6
16.g4 Bf6 17.f5 exf5 18.gxf5 Be5 19.Nf3 Nd7 20.Ne4 gxf5 21.Nxe5 Nxe5  1/2-1/2

[Event "HZ Open"]
[Site "Vlissingen NED"]
[Date "2009.08.04"]
[Round "5"]
[White "Van den Berg,Ad"]
[Black "Boulahfa,H"]
[Result "1-0"]
[WhiteElo "2197"]
[BlackElo "2022"]

1.c4 Nf6 2.Nc3 c5 3.Nf3 e6 4.d4 cxd4 5.Nxd4 a6 6.g3 Qc7 7.Qd3 Nc6 8.Nxc6 bxc6
9.Bg2 d5 10.O-O Bb7 11.e4 dxe4 12.Nxe4 Nxe4 13.Qxe4 Be7 14.Bf4 Qa5 15.Be5 O-O
16.a3 Ra7 17.b4 Qd8 18.Rfd1 Qc8 19.c5 a5 20.Qg4 g6 21.h4 Ba6 22.h5 g5 23.Bd6 f5
24.Qf3 Bxd6 25.cxd6 c5 26.Qe3 Bb7 27.d7 Qd8 28.Qxe6+ Rf7 29.Bxb7 Rxb7 30.bxc5 Rxd7
31.Qb3 Kg7 32.c6 Rxd1+ 33.Rxd1 Qc7 34.Qe6 Kf8 35.Rd7 Rxd7 36.cxd7 Qb8 37.Qf6+ Kg8
38.d8=Q+  1-0

[Event "XXXV Open"]
[Site "Badalona ESP"]
[Date "2009.08.05"]
[Round "5"]
[White "Panelo,M"]
[Black "Bacallao Alonso,Y"]
[Result "1/2-1/2"]
[WhiteElo "2425"]
[BlackElo "2467"]

1.Nf3 Nf6 2.c4 c5 3.Nc3 e6 4.g3 b6 5.Bg2 Bb7 6.O-O Be7 7.d4 cxd4 8.Qxd4 d6
9.Rd1 a6 10.b3 Nbd7 11.Ng5 Bxg2 12.Kxg2 b5 13.Nge4 b4 14.Nxd6+ Bxd6 15.Qxd6 bxc3
16.Be3 Rb8 17.c5 c2 18.Rd3 Nd5 19.Rxd5 exd5 20.c6 Nf8 21.Qe5+ Ne6 22.Rc1  1/2-1/2

[Event "Open"]
[Site "Kavala GRE"]
[Date "2009.08.05"]
[Round "6"]
[White "Halkias,S"]
[Black "Charkhalashvili,I"]
[Result "1/2-1/2"]
[WhiteElo "2564"]
[BlackElo "2357"]

1.c4 Nf6 2.Nc3 c5 3.Nf3 b6 4.e4 d6 5.d4 cxd4 6.Nxd4 a6 7.g3 Bb7 8.Bg2 e6
9.O-O Qc7 10.Re1 Be7 11.Qa4+ Nbd7 12.Nd5 exd5 13.exd5 Kf8 14.Nf5 Ne5 15.Bd2 Ng6
16.Bb4 Rd8 17.Qa3 Ne8 18.Re2 a5 19.Bc3 Bc8 20.Nxe7 Nxe7 21.Rae1 Ng6 22.b4 axb4
23.Bxb4 Bd7 24.Bc3  1/2-1/2

[Event "GMA"]
[Site "Peterhof RUS"]
[Date "2009.08.05"]
[Round "5"]
[White "Lavretzkij,R"]
[Black "Nadjezhdin,D"]
[Result "1/2-1/2"]
[WhiteElo "2313"]
[BlackElo "2413"]

1.c4 c5 2.Nf3 Nf6 3.Nc3 b6 4.g3 Bb7 5.Bg2 e6 6.O-O Be7 7.Re1 d6 8.e4 O-O
9.d4 cxd4 10.Nxd4 Nbd7 11.Be3 a6 12.Rc1 Rc8 13.b3 Qc7 14.f4 Qb8 15.Bf2 Qa8  1/2-1/2

[Event "FSIMA August"]
[Site "Budapest HUN"]
[Date "2009.08.06"]
[Round "6"]
[White "Simonyi,Z"]
[Black "Villwock,M"]
[Result "1/2-1/2"]
[WhiteElo "2249"]
[BlackElo "2251"]

1.Nf3 c5 2.c4 Nf6 3.Nc3 d5 4.cxd5 Nxd5 5.g3 Nc6 6.Bg2 Nc7 7.b3 e5 8.O-O Be7
9.Bb2 f6 10.Rc1 Bd7 11.d3 O-O 12.Nd2 Rc8 13.Nc4 Be8 14.Ne3 Qd7 15.Ned5 Nxd5
16.Nxd5 Bd6 17.f4 Bf7 18.f5 b6 19.Be4 Bb8 20.Ne3 Nb4 21.Ra1 Rfd8 22.Qe1 b5
23.Kh1 a6 24.Qf2 Ba7 25.Qf3 Nc6 26.Rac1 Nd4 27.Qg2 a5 28.g4 h6 29.h4 Kf8
30.Bc3 Bb6 31.Be1 Rc7 32.Bg3 Ra7 33.Nc2 b4 34.Nxd4 exd4 35.g5 hxg5 36.hxg5 Ke7
37.Bc6 Qxc6 38.Qxc6 Bd5+ 39.Qxd5 Rxd5 40.g6 Bc7 41.Kg2 Bxg3 42.Kxg3 Re5 43.Rf2 Kd6
44.Rh1 a4 45.Rh8 axb3 46.axb3 Ree7 47.Rd8+ Kc7 48.Rg8 Kd6 49.Kf4 Ra2 50.Rh2 Ra1
51.Rd8+ Kc7 52.Rhh8 Rf1+ 53.Kg4 Rg1+ 54.Kf4 Rf1+  1/2-1/2

[Event "110th US Open"]
[Site "Indianapolis USA"]
[Date "2009.08.09"]
[Round "9"]
[White "Kraai,J"]
[Black "Sarkar,J"]
[Result "1-0"]
[WhiteElo "2498"]
[BlackElo "2388"]

1.Nf3 c5 2.c4 Nf6 3.Nc3 d5 4.cxd5 Nxd5 5.e4 Nb4 6.Bc4 Nd3+ 7.Ke2 Nxc1+ 8.Rxc1 Nc6
9.Bb5 Bg4 10.Qa4 Bd7 11.d4 a6 12.Bxc6 Bxc6 13.Qb3 e6 14.Rhd1 Qa5 15.d5 exd5
16.exd5 Bb5+ 17.Nxb5 Qxb5+ 18.Qxb5+ axb5 19.d6 c4 20.d7+ Ke7 21.Rc3 Rd8 22.Ng5  1-0

[Event "XVIII TCh-MKD"]
[Site "Struga MKD"]
[Date "2009.08.10"]
[Round "1"]
[White "Glavinac,G"]
[Black "Stanojoski,Z"]
[Result "0-1"]
[WhiteElo "2193"]
[BlackElo "2483"]

1.Nf3 Nf6 2.c4 c5 3.Nc3 g6 4.g3 Bg7 5.Bg2 Nc6 6.O-O e5 7.d3 d6 8.a3 O-O 9.Bg5 h6
10.Bd2 Be6 11.e4 Nd7 12.Nd5 a5 13.Rb1 f5 14.Nh4 Bxd5 15.cxd5 Ne7 16.Bh3 fxe4
17.dxe4 Kh7 18.Qe2 Nf6 19.Rfe1 g5 20.Bf5+ Kg8 21.Be6+ Kh8 22.Ng2 Qe8 23.h4 Nh7
24.hxg5 hxg5 25.Ne3 Nc6 26.Nf5 Nd8 27.Nxd6 Qg6 28.Kg2 Nxe6 29.dxe6 Qxe6 30.Nf5 Rad8
31.Bxa5 b6 32.Bc3 Nf6 33.g4 Kh7 34.Qe3 Kg6 35.Nxg7 Qxg4+ 36.Qg3 Qxg3+ 37.Kxg3 Rd3+
38.Kg2 Kxg7 39.Bxe5 Re8 40.Bxf6+ Kxf6 41.f3 Ke5 42.Re2 Rf8 43.Rf1 Rf4 44.Rc2 g4
45.fxg4 Rxg4+ 46.Kf2 Rxe4 47.Re1 Rh3 48.Rxe4+ Kxe4 49.Ke1 Kd4 50.Kd1 Rh1+
51.Kd2 Rb1 52.Ke2 c4 53.Kd2 b5 54.Ke2 Kc5 55.Kd2 b4 56.axb4+ Kxb4 57.Ke3 Rh1
58.Kd2 Rh3 59.Ke1 Rh1+ 60.Kd2 Rb1 61.Ke3 Rd1 62.Rc3 Rb1 63.Kd4 Kb5 64.Rc2 Rd1+
65.Ke3 Rd3+ 66.Ke2 Kb4 67.Rd2 Rh3 68.Rd8 Rh2+ 69.Kd1 Rxb2 70.Rg8 Kb3 71.Kc1 Rh2
72.Rg3+ c3 73.Rg1 Ra2  0-1

[Event "Yoel Geva YTGM"]
[Site "Tel Aviv ISR"]
[Date "2009.08.11"]
[Round "3"]
[White "Lerner,K"]
[Black "Popilski,G"]
[Result "1-0"]
[WhiteElo "2549"]
[BlackElo "2392"]

1.Nf3 c5 2.c4 Nf6 3.Nc3 b6 4.e3 e6 5.d4 cxd4 6.exd4 Bb4 7.Bd3 O-O 8.O-O Bb7
9.Bg5 Be7 10.Qe2 Re8 11.Rad1 d5 12.Ne5 dxc4 13.Bxc4 Nd5 14.Bc1 a6 15.Rfe1 Nxc3
16.bxc3 Bd6 17.Rd3 Nd7 18.Rg3 Nxe5 19.dxe5 Bf8 20.Bg5 Qc7 21.Bf6 g6 22.Qg4 Qc6
23.Bf1 Bg7 24.Bxg7 Kxg7 25.Qg5 Rh8 26.Qf6+ Kg8 27.Rd1 Rf8 28.Rgd3 h5 29.Rd7  1-0

[Event "ch-CAN"]
[Site "Guelph CAN"]
[Date "2009.08.14"]
[Round "7"]
[White "Gerzhoy,L"]
[Black "Haessel,D"]
[Result "1-0"]
[WhiteElo "2409"]
[BlackElo "2204"]

1.Nf3 Nf6 2.c4 c5 3.Nc3 e6 4.g3 b6 5.Bg2 Bb7 6.O-O Be7 7.Re1 d5 8.cxd5 exd5
9.d4 Nbd7 10.Bf4 O-O 11.dxc5 bxc5 12.Nh4 Nb6 13.Nf5 Re8 14.Nb5 Qd7 15.Nbd6 Bxd6
16.Nxd6 Red8 17.Rc1 Bc6 18.e4 dxe4 19.Rxc5 Nc8 20.Qc1 Nxd6 21.Rxc6 Nf5 22.Bg5 Rac8
23.Rxc8 Rxc8 24.Qf4 e3 25.Bxf6 exf2+ 26.Qxf2 gxf6 27.Bh3  1-0

[Event "Asian Zone 3.2 m"]
[Site "New Delhi IND"]
[Date "2009.08.14"]
[Round "9"]
[White "Rahman,Zia"]
[Black "Lama,S"]
[Result "1-0"]
[WhiteElo "2538"]
[BlackElo "2047"]

1.Nf3 Nf6 2.c4 c5 3.Nc3 e6 4.g3 b6 5.Bg2 Bb7 6.O-O Be7 7.Re1 Ne4 8.Nxe4 Bxe4
9.d3 Bb7 10.e4 O-O 11.d4 cxd4 12.Nxd4 d6 13.Be3 Nd7 14.Qe2 Rc8 15.f4 Qc7
16.b3 Nc5 17.Bf2 a5 18.Rad1 Rfe8 19.g4 Qb8 20.Nb5 Bf8 21.Bg3 d5 22.f5 Qa8
23.cxd5 exd5 24.Nc7 Rxc7 25.Bxc7 dxe4 26.Bd6 Nd3 27.Bxf8 Nxe1 28.Qxe1 Rxf8
29.Qe3 Rd8 30.Rf1 Rd6 31.h4 Qd8 32.g5 Rd1 33.Rxd1 Qxd1+ 34.Kh2 Qd6+ 35.Qg3 Qd8
36.f6 g6 37.Qe5 Bd5 38.Kg3 a4 39.bxa4 Bxa2 40.Bxe4 Be6 41.h5 gxh5 42.Kh4 Kh8
43.Kxh5 Qe8 44.Kh4 Bd7 45.Qxe8+ Bxe8 46.Bc2 Bc6 47.Kg4 Bd7+ 48.Kf4 Kg8 49.Ke5 h6
50.gxh6 Bxa4 51.Bxa4 Kh7 52.Bb3 Kxh6 53.Bxf7 Kh7 54.Ke6  1-0

[Event "XVIII TCh-MKD"]
[Site "Struga MKD"]
[Date "2009.08.14"]
[Round "5"]
[White "Glavinac,G"]
[Black "Vasovski,N"]
[Result "0-1"]
[WhiteElo "2193"]
[BlackElo "2358"]

1.Nf3 c5 2.c4 Nf6 3.Nc3 d5 4.cxd5 Nxd5 5.d4 Nxc3 6.bxc3 g6 7.e3 Bg7 8.Bd3 O-O
9.O-O Nc6 10.Qe2 e5 11.Ba3 Re8 12.Nxe5 Nxe5 13.dxe5 Qa5 14.Bb2 Bxe5 15.c4 Qc7
16.Bxe5 Qxe5 17.Rab1 b6 18.Qb2 Qg5 19.Rfd1 Bb7 20.Bf1 Be4 21.Rbc1 Re7 22.Rd6 Rae8
23.Rcd1 Qe5 24.Qa3 Bf5 25.Be2 Be6 26.Qc1 Rc7 27.f4 Qe4 28.Kf2 Rce7 29.Rd8 Qc6
30.Bf3 Qa4 31.Qc3 Qxa2+ 32.R1d2 Qa4 33.Qf6 Rxd8 34.Rxd8+ Re8 35.Bd1 Qa2+
36.Be2 Rxd8 37.Qxd8+ Kg7 38.Qc7 Qb2 39.Kf3 Bg4+ 40.Kxg4 Qxe2+ 41.Kh3 Qxe3+
42.g3 Qe6+ 43.Kh4 h5  0-1

[Event "24th Open"]
[Site "Tetevan BUL"]
[Date "2009.08.17"]
[Round "4"]
[White "Janev,T"]
[Black "Dzanev,G"]
[Result "1-0"]
[WhiteElo "2322"]
[BlackElo "2109"]

1.Nf3 Nf6 2.c4 c5 3.Nc3 d5 4.cxd5 Nxd5 5.Qa4+ Nc6 6.Ne5 Nxc3 7.dxc3 Qc7 8.Bf4 Qa5
9.Qxa5 Nxa5 10.e4 a6 11.O-O-O Be6 12.Kb1 Rc8 13.Be2 g6 14.Bg4 Bxg4 15.Nxg4 Bg7
16.Ne3 e5 17.Bg3 f6 18.f3 Ke7 19.Bf2 Rhd8 20.Nd5+ Ke8 21.h4 Nc4 22.h5 Kf7
23.Kc2 Bf8 24.hxg6+ hxg6 25.Rh8 Nd6 26.Rdh1 c4 27.Nb6 Rb8 28.Bc5 Bg7 29.Rxd8 Rxd8
30.Rd1 Bf8 31.Nxc4 Nxc4 32.Rxd8 Bxc5 33.Rc8 Ne3+ 34.Kd3 b6 35.Rxc5 bxc5 36.Kxe3 Ke6
37.Kd3 Kd6 38.Kc4 Kc6 39.b4 cxb4 40.cxb4  1-0

[Event "16th Vienna Open"]
[Site "Vienna AUT"]
[Date "2009.08.17"]
[Round "3"]
[White "Kuciel,W"]
[Black "Hoffmann,Pau"]
[Result "0-1"]
[WhiteElo "2101"]
[BlackElo "2333"]

1.Nf3 c5 2.c4 Nf6 3.Nc3 e6 4.d4 cxd4 5.Nxd4 a6 6.g3 Qc7 7.e4 Bb4 8.Nc2 Be7
9.Bf4 d6 10.Qd2 Nbd7 11.b3 Ne5 12.Bg2 Bd7 13.a4 Rc8 14.a5 O-O 15.Qe2 Nc6
16.b4 e5 17.Be3 Nd4 18.Nxd4 exd4 19.Bxd4 Qxc4 20.Qxc4 Rxc4 21.Rd1 Be6 22.b5 axb5
23.Nxb5 Ra8 24.Bb6 Nxe4 25.O-O Rb4 26.Nc7 Rf8 27.Rfe1 Nc5 28.Bd5 Bd8 29.Bxe6 Nxe6
30.Nxe6 fxe6 31.Rxd6 Bxb6 32.Rxb6 Rxb6 33.axb6 Kf7 34.Rc1 Re8 35.Kf1 e5 36.Rc7+ Re7
37.Ke2 Ke6 38.Rc3 Rd7 39.Ke3 g6 40.Rc4 h6 41.Ke4 Rd6 42.Rb4 Rc6 43.h4 Rc1
44.Rb5 Rc4+ 45.Kd3 Rd4+ 46.Ke3 h5 47.f3 Kd6 48.f4 Rd5 49.Rb3 Ke6 50.Ke4 Rd4+
51.Ke3 Rd5 52.Ke4 exf4 53.Kxf4 Kd6 54.Ke4 Re5+ 55.Kd4 Ra5 56.Kc4 Kc6 57.Kd4 Rb5
58.Rxb5 Kxb5 59.Ke5 Kxb6 60.Kf6 Kc6 61.Kxg6 b5 62.Kxh5 b4 63.g4 b3 64.g5 b2
65.g6 b1=Q 66.Kh6 Qc1+ 67.Kh7 Qh1 68.g7 Qxh4+ 69.Kg6 Qg4+ 70.Kf7 Qf5+ 71.Ke7 Qg6
72.Kf8 Qf6+ 73.Kg8 Kd7 74.Kh7 Qf7 75.Kh8 Qh5+ 76.Kg8 Ke6  0-1

[Event "Abu Dhabi Festival Open"]
[Site "Abu Dhabi UAE"]
[Date "2009.08.19"]
[Round "8"]
[White "Andriasian,Z"]
[Black "Drozdovskij,Y"]
[Result "1/2-1/2"]
[WhiteElo "2585"]
[BlackElo "2620"]

1.c4 e6 2.Nf3 Nf6 3.Nc3 c5 4.e3 d5 5.d4 a6 6.cxd5 exd5 7.Be2 Nc6 8.O-O Bd6
9.dxc5 Bxc5 10.a3 Ba7 11.b4 O-O 12.Bb2 Re8 13.b5 Na5 14.bxa6 bxa6 15.Na2 Ne4
16.Nb4 Bb7 17.Rc1 Qd6 18.Bd4 Bxd4 19.Nxd4 Nc4 20.Bxc4 dxc4 21.f3 a5 22.Nbc2 Nc5
23.Nb5 Qe7 24.Qd6 Ba6 25.Qxe7 Rxe7 26.Nc3 Rd7 27.Rfd1 Rd3 28.Rxd3 cxd3 29.Nd4 Ne6
30.Nxe6 fxe6 31.Ne4 Rb8 32.Rd1 Rc8 33.Kf2 Rc2+ 34.Nd2 Ra2 35.e4 Rxa3 36.Rb1 Rc3
37.Ra1 Rc5 38.Ke3 Kf7 39.g3 Ke7 40.Nb3 Rc2 41.Nd2 Rc5 42.Nb3  1/2-1/2

[Event "24th Open"]
[Site "Schwarzach AUT"]
[Date "2009.08.19"]
[Round "5"]
[White "Bochis,J"]
[Black "Franciskovic,B"]
[Result "1-0"]
[WhiteElo "2053"]
[BlackElo "2245"]

1.Nf3 Nf6 2.c4 e6 3.Nc3 c5 4.d4 cxd4 5.Nxd4 a6 6.e4 d6 7.Be2 Be7 8.O-O O-O
9.Be3 Qc7 10.Qd2 Nbd7 11.f3 Re8 12.Kh1 b6 13.Rfc1 Bb7 14.a4 Rec8 15.a5 Qd8
16.Nb3 Nc5 17.Qd1 Nfd7 18.axb6 Nxb6 19.Na5 Qc7 20.b4 Ncd7 21.Qg1 Rcb8 22.Nd5 exd5
23.cxd5 Qd8 24.Nc6 Bxc6 25.dxc6 Nc5 26.bxc5 Nc8 27.Rxa6 dxc5 28.Bxc5 Qc7
29.Rxa8 Rxa8 30.Bc4 Bg5 31.Rb1 Ne7 32.Bxe7 Bxe7 33.Bd5 Rb8 34.g3 Rxb1 35.Qxb1 g6
36.Qa2 Bd6 37.Kg2 Kg7 38.f4 f6 39.Qa8 Qb8 40.Qb7+ Qxb7 41.cxb7 Kf8 42.Kf3 Bb8
43.h4 Kg7 44.Be6 h6 45.Ke3 g5 46.h5 Kf8 47.Kf3 Ke7 48.Bc8 Bc7 49.Kg4 gxf4
50.gxf4 Bb8 51.Kf5 Bc7 52.e5 fxe5 53.fxe5 Bb8 54.e6 Bd6 55.Kg6 Bf4 56.Kg7 Ke8
57.Kf6 Bd6 58.Bd7+ Kd8 59.b8=Q+ Bxb8 60.e7+  1-0

[Event "6th Open"]
[Site "Kalamaria GRE"]
[Date "2009.08.22"]
[Round "1"]
[White "Jaracz,P"]
[Black "Grapsa,G"]
[Result "1-0"]
[WhiteElo "2539"]
[BlackElo "2083"]

1.Nf3 Nf6 2.c4 c5 3.Nc3 d5 4.cxd5 Nxd5 5.e3 Nc6 6.d4 cxd4 7.exd4 e6 8.Bd3 Be7
9.O-O O-O 10.Re1 Nxc3 11.bxc3 b6 12.Qc2 g6 13.h4 Bxh4 14.Bb5 Bb7 15.Qe4 Nxd4
16.Qxd4 Bxf3 17.gxf3 Bf6 18.Qf4 Bxc3 19.Ba3 e5 20.Qe3 Bd4 21.Qh6 Bxa1 22.Bxf8 Qxf8
23.Qxf8+ Kxf8 24.Rxa1 Rc8 25.Rd1 Rc5 26.a4 Rc7 27.Rd5 f6 28.Kg2 Ke7 29.Kg3 Ke6
30.Rd8 Kf5 31.Bd3+ Kg5 32.Rd5 Kh6 33.f4 e4 34.Bxe4 Rc4 35.f3 Rxa4 36.Rd6 Kg7
37.Rd7+ Kh6 38.Re7 Ra5 39.Rd7 Ra1 40.Rb7 Ra5 41.Bd3 Ra3 42.Bc4 g5 43.Be6 Ra5
44.f5 Rc5 45.Rxa7 g4 46.Kxg4 Rc1 47.Rf7 Rg1+ 48.Kf4 Rb1 49.Rxf6+ Kh5  1-0

[Event "24th Open"]
[Site "Schwarzach AUT"]
[Date "2009.08.22"]
[Round "8"]
[White "Doric,N"]
[Black "Platzgummer,F"]
[Result "1/2-1/2"]
[WhiteElo "2344"]
[BlackElo "2308"]

1.Nf3 Nf6 2.c4 c5 3.Nc3 g6 4.e4 Nc6 5.d4 cxd4 6.Nxd4 d6 7.Be2 Nxd4 8.Qxd4 Bg7
9.Be3 O-O 10.Qd2 a5 11.O-O a4  1/2-1/2

[Event "24th Open"]
[Site "Schwarzach AUT"]
[Date "2009.08.23"]
[Round "9"]
[White "Zakharchenko,A"]
[Black "Knoblauch,L"]
[Result "0-1"]
[WhiteElo "2291"]
[BlackElo "2000"]

1.Nf3 Nf6 2.c4 g6 3.Nc3 c5 4.e3 Bg7 5.d4 cxd4 6.exd4 O-O 7.Bg5 h6 8.Be3 d5
9.h3 Nc6 10.Be2 Be6 11.c5 Ne4 12.O-O Qd7 13.Bb5 Nxc3 14.bxc3 f5 15.Bf4 g5
16.Be5 f4 17.Bxg7 Kxg7 18.Ne5 Qc8 19.Bxc6 bxc6 20.f3 Qa6 21.Re1 Bf5 22.Qe2 Qb7
23.Qd2 Rab8 24.Re2 Rfe8 25.Rae1 Qc7 26.Ng4 Rb7 27.Re5 Qd7 28.R5e2 Qc7 29.Ne5 Rbb8
30.c4 e6 31.cxd5 exd5 32.Nxc6  0-1

[Event "RUS-CHN Match Blitz"]
[Site "Sochi RUS"]
[Date "2009.08.23"]
[Round "6"]
[White "Zhou Jianchao"]
[Black "Timofeev,Arty"]
[Result "1-0"]
[WhiteElo "2623"]
[BlackElo "2681"]

1.Nf3 c5 2.c4 Nf6 3.Nc3 d5 4.cxd5 Nxd5 5.d4 Nxc3 6.bxc3 g6 7.Bf4 Bg7 8.e3 Qa5
9.Qd2 O-O 10.Rb1 b6 11.Be2 Bf5 12.Rc1 Rd8 13.Ne5 Be4 14.f3 Bb7 15.Nc4 Qa4
16.Qc2 Qe8 17.dxc5 bxc5 18.e4 Nc6 19.O-O Bc8 20.Ne3 Be6 21.Bb5 a6 22.Ba4 Qd7
23.Rfd1 Qc8 24.Rxd8+ Nxd8 25.Nd5 Bxd5 26.exd5 e6 27.d6 Nc6 28.Qe4 Na7 29.d7 Qf8
30.Bd6 Qd8  1-0

[Event "6th Open"]
[Site "Kalamaria GRE"]
[Date "2009.08.24"]
[Round "4"]
[White "Argiroudis,S"]
[Black "Aroshidze,L"]
[Result "0-1"]
[WhiteElo "2265"]
[BlackElo "2537"]

1.Nf3 c5 2.c4 Nf6 3.Nc3 b6 4.g3 Bb7 5.Bg2 e6 6.O-O d6 7.Re1 Be7 8.e4 a6 9.d4 cxd4
10.Nxd4 Qc7 11.b3 O-O 12.Bb2 Re8 13.Qd2 Nbd7 14.Rac1 Rad8 15.h3 Bf8 16.Kh2 Qb8
17.f4 Nc5 18.b4 Qa8 19.Qc2 Ncd7 20.a3 h5 21.Nf3 Rc8 22.Qd3 Red8 23.Ng5 Rc7
24.Bf3 Be7 25.Qe2 g6 26.e5 dxe5 27.Bxb7 Qxb7 28.fxe5 Ng4+ 29.hxg4 Bxg5 30.Rcd1 hxg4
31.Qxg4 Kg7 32.Qe4 Qc8 33.Rd4 Nb8 34.Na4 Rxd4 35.Bxd4 Rxc4 36.Nxb6 Rc2+ 37.Re2 Qh8+
38.Kg2 Rc1 39.Re1 Rxe1 40.Qxe1 Nc6 41.Qc3 Ne7 42.Bc5 Nf5 43.Nc4 Qe8 44.Nd6 Qa4
45.Nxf5+ gxf5 46.Be3 Bd8 47.Bd2 Qb5 48.Qe3 Bb6 49.Qh6+ Kg8 50.Qg5+ Kf8 51.Qh6+ Ke8
52.Qh8+ Kd7 53.Qh5 Qd5+ 54.Kf1 Qxd2 55.Qxf7+ Kd8  0-1

[Event "XXVI Open A"]
[Site "Collado Villalba ESP"]
[Date "2009.08.25"]
[Round "5"]
[White "Erice Alonso,S"]
[Black "Vazquez Torres,A"]
[Result "0-1"]
[WhiteElo "2068"]
[BlackElo "2149"]

1.c4 c5 2.Nf3 Nf6 3.Nc3 d5 4.cxd5 Nxd5 5.e4 Nxc3 6.dxc3 Qxd1+ 7.Kxd1 Bg4
8.Be3 Nd7 9.Kc2 O-O-O 10.Bb5 Bxf3 11.gxf3 e6 12.a4 a6 13.Be2 Nf6 14.Rhg1 Rg8
15.Rad1 Be7 16.Rxd8+ Kxd8 17.Kb3 Kc7 18.Kc4 Bd6 19.Bxc5 Bxh2 20.Rd1 Bf4 21.b4 Nd7
22.Bd4 Ne5+ 23.Kb3 Ng6 24.b5 h5 25.bxa6 bxa6 26.Bxa6 h4 27.a5 Ra8 28.Bb6+ Kc6
29.Bf1 Bc7 30.Bb5+ Kxb5 31.Bxc7 Kc6 32.Bh2 Rxa5 33.Rd6+ Kc5 34.Rd7 Rb5+ 35.Kc2 Nh8
36.Rd8 Ng6 37.Rc8+ Kb6 38.Rg8 Rg5 39.Rxg7 Rg2 40.Rxf7 Rxh2 41.Rf6 Rxf2+ 42.Kd3 Rg2
43.Rxe6+ Kc5 44.Ra6 h3 45.Ra5+ Kd6 46.Ke3 Ne5 47.Ra6+ Nc6 48.Ra8 Ne5 49.f4 Ng4+
50.Kf3 Rg1 51.e5+ Ke6 52.Re8+ Kf7 53.Rh8 h2 54.f5 Nxe5+ 55.Ke4 Re1+ 56.Kd5 Ng4  0-1

[Event "TCh-SRB 1st League"]
[Site "Kragujevac SRB"]
[Date "2009.09.01"]
[Round "1"]
[White "Strikovic,A"]
[Black "Popov,Si1"]
[Result "1-0"]
[WhiteElo "2512"]
[BlackElo "2455"]

1.c4 Nf6 2.Nc3 c5 3.Nf3 e6 4.d4 cxd4 5.Nxd4 a6 6.e4 d6 7.Be2 Be7 8.O-O O-O
9.Be3 Qc7 10.f3 Nbd7 11.a4 b6 12.Qd2 Bb7 13.a5 bxa5 14.Nb3 Rab8 15.Nxa5 Ba8
16.Rfc1 Ne5 17.b4 Rfd8 18.b5 Nfd7 19.bxa6 Nc5 20.Nb5 Qc8 21.a7 Rb6 22.Qc2 Ned7
23.Rd1 Ra6 24.Nb3 Rc6 25.Nxc5 Nxc5 26.Nc3 Rd7 27.Rdb1 Rb7 28.Rxb7 Qxb7 29.Nb5 h6
30.Rd1 Qc8 31.Bf1 Ra6 32.Qf2 Kh7 33.Qg3 Qc6 34.e5 dxe5 35.Qxe5 Ra2 36.Nd6 Qa4
37.Re1 Nd7 38.Qd4 Bf6 39.Qd3+ Kg8 40.Ne4 Bxe4 41.Qxe4 Bg5 42.f4 Be7 43.Rb1  1-0

[Event "2nd Bolivar Open"]
[Site "Buenos Aires ARG"]
[Date "2009.09.02"]
[Round "9"]
[White "Slipak,S"]
[Black "Lopez,Di"]
[Result "1-0"]
[WhiteElo "2452"]
[BlackElo "2168"]

1.Nf3 Nf6 2.c4 e6 3.Nc3 c5 4.g3 d5 5.cxd5 exd5 6.d4 Nc6 7.Bg2 Be7 8.O-O O-O
9.dxc5 Bxc5 10.Bg5 d4 11.Ne4 Be7 12.Bxf6 Bxf6 13.Ne1 Re8 14.Nd3 Bf5 15.Nec5 Qe7
16.Re1 Rac8 17.Qa4 h5 18.Rac1 Bxd3 19.Nxd3 Bg5 20.Rc2 Ne5 21.Rxc8 Rxc8 22.Qxd4 Nxd3
23.Qxd3 Qb4 24.Rb1 Bf6 25.Bd5 Qd4 26.Qf3 g6 27.Bxf7+  1-0

[Event "TCh-SRB 1st League"]
[Site "Kragujevac SRB"]
[Date "2009.09.02"]
[Round "2"]
[White "Benkovic,P"]
[Black "Senic,B"]
[Result "1-0"]
[WhiteElo "2463"]
[BlackElo "2149"]

1.Nf3 c5 2.c4 Nf6 3.Nc3 b6 4.e4 d6 5.d4 Bb7 6.d5 Nbd7 7.Bd3 e5 8.dxe6 fxe6
9.Ng5 Qe7 10.f4 h6 11.Nf3 O-O-O 12.Qe2 Nb8 13.Nh4 Qe8 14.e5 dxe5 15.fxe5 Qd7
16.exf6 gxf6 17.Be4 Nc6 18.O-O f5 19.Nxf5 Kb8 20.Bf4+ Ka8 21.Rad1 Nd4 22.Nxd4 cxd4
23.Nb5 a6 24.Nc7+ Ka7 25.Bxb7 Kxb7 26.c5 Bxc5 27.Qxa6+  1-0

[Event "6th LGA Premium Cup"]
[Site "Nuernberg GER"]
[Date "2009.09.04"]
[Round "3"]
[White "Kersten,U"]
[Black "Zaragatski,I"]
[Result "1-0"]
[WhiteElo "2294"]
[BlackElo "2472"]

1.Nf3 Nf6 2.c4 c5 3.Nc3 e6 4.e3 b6 5.d4 cxd4 6.exd4 Bb7 7.Bd3 Bb4 8.O-O O-O
9.Bg5 Bxc3 10.bxc3 d6 11.a4 Nbd7 12.Re1 Qc7 13.h3 Rfe8 14.Re3 Rac8 15.Nh2 Kh8
16.Ng4 Qc6 17.Qf1 Ba6 18.Bxf6 Nxf6 19.Nxf6 gxf6 20.d5 Qc7 21.Re4 f5 22.Rh4 Qe7
23.g3 Rg8 24.Kh2 Rc5 25.a5 bxa5 26.Qe2 Qf6 27.Rb1 Qg6 28.Qe3 Qg5 29.Qe2 Bc8
30.Rb8 a4 31.dxe6 fxe6 32.Rh5 Qg6 33.Rh4 Qf7 34.Qe3 a3 35.Bb1 Qg7 36.Rd4 Ra5
37.Qd2 Qc7 38.Rb4 Ra6 39.Ba2 Bb7 40.c5 d5 41.Rh4 Ba8 42.Rh6 Qxc5 43.Qf4 Rb6
44.Rxb6 Qxb6 45.Qe5+ Rg7 46.Kg1 Qc7 47.Qxe6 Qxc3 48.Qxf5 Qa1+ 49.Bb1 Kg8
50.Rf6 Qxf6 51.Qxf6 Rb7 52.Bf5 h5 53.Be6+ Kh7 54.Qf5+ Kg7 55.Bxd5  1-0

[Event "TCh-SRB 1st League"]
[Site "Kragujevac SRB"]
[Date "2009.09.05"]
[Round "5"]
[White "Strikovic,A"]
[Black "Rajkovic,Du"]
[Result "1/2-1/2"]
[WhiteElo "2512"]
[BlackElo "2472"]

1.c4 Nf6 2.Nc3 c5 3.Nf3 b6 4.g3 Bb7 5.Bg2 g6 6.O-O Bg7 7.d4 Ne4 8.Nxe4 Bxe4
9.d5 O-O 10.Nd2 Bxg2 11.Kxg2 d6 12.e4 Qd7 13.Rb1 b5 14.b4 cxb4 15.Rxb4 bxc4
16.Rxc4 Rc8 17.Qc2 Rxc4 18.Qxc4 Qd8 19.Ba3 Nd7 20.Rc1 Bh6 21.f4 g5 22.Kf3 Nb6
23.Qc7 Qe8 24.Qc6 Qc8 25.Qxc8+ Rxc8 26.Rxc8+ Nxc8 27.Nc4 gxf4 28.gxf4 Kf8
29.e5 dxe5 30.fxe5 Ke8 31.Bc5 Kd7 32.Ke4 e6 33.d6 Bg5 34.Bd4 Bd8 35.a4 Kc6
36.h3 Kd7 37.Kf4 a6 38.Bc3 h5 39.Ba5 Bh4 40.Nd2 f6 41.exf6 Bxf6 42.Ne4 Bd4
43.Bc7 h4 44.a5 Na7 45.Bb6 Bxb6 46.axb6 Nc6 47.Kg4 a5 48.Kxh4 Nd8  1/2-1/2

[Event "TCh-SRB 1st League"]
[Site "Kragujevac SRB"]
[Date "2009.09.05"]
[Round "5"]
[White "Grujic,Z"]
[Black "Perunovic,Mio"]
[Result "0-1"]
[WhiteElo "2347"]
[BlackElo "2439"]

1.Nf3 Nf6 2.c4 c5 3.Nc3 e6 4.g3 b6 5.Bg2 Bb7 6.O-O Be7 7.d4 cxd4 8.Qxd4 d6
9.Bg5 a6 10.Rfd1 Nbd7 11.Qd2 O-O 12.Bf4 Ne8 13.Rac1 Rc8 14.b3 Qc7 15.Qe3 Qb8
16.Bh3 Rc7 17.Bg5 Nef6 18.Bxf6 Nxf6 19.Qxb6 Rfc8 20.Qe3 h6 21.Nd4 Qa8 22.Na4 Re8
23.b4 Nd7 24.Nxe6 fxe6 25.Bxe6+ Kh8 26.Bxd7 Rxd7 27.Nb6 Qd8 28.Nxd7 Bg5 29.Ne5 Qf6
30.f4 Rxe5 31.fxg5 Qe6 32.Qf2 Rf5 33.Qd4 Qxe2  0-1

[Event "6th LGA Premium Cup"]
[Site "Nuernberg GER"]
[Date "2009.09.05"]
[Round "5"]
[White "Donchenko,Alexa"]
[Black "Kersten,U"]
[Result "0-1"]
[WhiteElo "2009"]
[BlackElo "2294"]

1.Nf3 c5 2.c4 Nf6 3.Nc3 e6 4.g3 b6 5.Bg2 Bb7 6.O-O d6 7.d4 cxd4 8.Qxd4 a6
9.b3 Nbd7 10.Bb2 Be7 11.Rad1 O-O 12.e4 Qc7 13.Rfe1 Rad8 14.Qe3 Rfe8 15.h3 Bf8
16.Qf4 Qb8 17.Qd2 b5 18.cxb5 axb5 19.a3 Ba8 20.Nd4 b4 21.axb4 Qxb4 22.Nd5 Qxd2
23.Nxf6+ Nxf6 24.Rxd2 d5 25.Nb5 Nxe4 26.Bxe4 dxe4 27.Rxd8 Rxd8 28.Ba3 Bxa3
29.Nxa3 g5 30.b4 Rd2 31.Kf1 Ra2 32.Re3 Rb2 33.b5 Bd5 34.Rc3 Kg7 35.Ke1 h5
36.Rc7 Rb3 37.Ra7 h4 38.Nc2 g4  0-1

[Event "ch-RUS HL"]
[Site "Ulan Ude RUS"]
[Date "2009.09.05"]
[Round "4"]
[White "Romanov,E"]
[Black "Zvjaginsev,V"]
[Result "1/2-1/2"]
[WhiteElo "2588"]
[BlackElo "2635"]

1.Nf3 Nf6 2.c4 c5 3.Nc3 e6 4.g3 Be7 5.Bg2 O-O 6.O-O d5 7.cxd5 exd5 8.d4 Be6
9.dxc5 Nbd7 10.Nd4 Nxc5 11.Be3 Qd7 12.Nxe6 fxe6 13.Rc1 b6 14.Bd4 Rad8 15.Bh3 Nfe4
16.Nxe4 Nxe4 17.e3 Bf6 18.Bxf6 Rxf6 19.Bg2 Nd6 20.Qd4 Nf5 21.Qe5 Qd6 22.Qxd6 Nxd6
23.Rfd1 Re8 24.Rc6 Nc4 25.b3 Ne5 26.Rc7 Ng4 27.Rd2 Rf7 28.Rdc2 Nf6 29.Kf1 Kf8
30.Ke2 Rxc7 31.Rxc7 Re7 32.Rc8+ Kf7 33.f4 Ne8 34.Bh3 e5 35.Kd3 exf4 36.gxf4 Nf6
37.Bg2 Ke6 38.Kd4 Kd7 39.Rc2 a5 40.Bf3 Kd6 41.a3 Ra7 42.Rc8 Kd7 43.Rf8 Kc6
44.h4 Re7 45.h5 h6 46.Rc8+ Kd7 47.Rc2 Kd6 48.Rg2 Rd7 49.Rc2 Re7 50.Rc8 Kd7
51.Rc3 Kd6 52.b4 axb4 53.axb4 Ra7 54.b5 Ra4+ 55.Kd3 Kd7 56.Rc6 Ra3+ 57.Kd4 Ra4+
58.Kd3 Ra3+ 59.Ke2 Ra2+ 60.Kf1 Ra1+ 61.Kg2 Ra2+ 62.Kg3 Ra3 63.Kf2 Ra2+ 64.Kg3 Ra3  1/2-1/2